Initiation course into logosophy: (Record no. 114809)
[ view plain ]
| 000 -LEADER | |
|---|---|
| fixed length control field | 00532cam a2200157 4500 |
| 008 - FIXED-LENGTH DATA ELEMENTS--GENERAL INFORMATION | |
| fixed length control field | 101014n 000 0 eng u |
| 020 ## - INTERNATIONAL STANDARD BOOK NUMBER | |
| International Standard Book Number | 9788570970695 |
| 035 ## - SYSTEM CONTROL NUMBER | |
| System control number | (Sirsi) a171652 |
| 050 ## - LIBRARY OF CONGRESS CALL NUMBER | |
| Classification number | BF 1999 GON 2009 |
| 100 ## - MAIN ENTRY--PERSONAL NAME | |
| Personal name | Gonzalez Pecotche Carlos Bernardo |
| 245 ## - TITLE STATEMENT | |
| Title | Initiation course into logosophy: |
| Remainder of title | the study and practice of the cognitions contained in this course/ |
| Statement of responsibility, etc. | by Carlos Bernardo Gonzalez Pecotche. |
| 250 ## - EDITION STATEMENT | |
| Edition statement | 3rd ed. |
| 260 ## - PUBLICATION, DISTRIBUTION, ETC. | |
| Place of publication, distribution, etc. | Sao Paulo: |
| Name of publisher, distributor, etc. | Logosofica, |
| Date of publication, distribution, etc. | 2009 |
| 300 ## - PHYSICAL DESCRIPTION | |
| Extent | 102 p. |
| 650 ## - SUBJECT ADDED ENTRY--TOPICAL TERM | |
| Topical term or geographic name entry element | Logosofia |
| Withdrawn status | Lost status | Source of classification or shelving scheme | Damaged status | Not for loan | Home library | Current library | Shelving location | Total Checkouts | Full call number | Barcode | Date last seen | Copy number | Price effective from | Koha item type |
|---|---|---|---|---|---|---|---|---|---|---|---|---|---|---|
| Library of Congress Classification | Main Library | Main Library | On Shelf | BF 1999 GON 2009 | 33729005831065 | 08/21/2019 | 1 | 08/21/2019 | Book |